| 000 | 03351cam a2200325 i 4500 | ||
|---|---|---|---|
| 001 | 22873205 | ||
| 003 | DLC | ||
| 005 | 20260609173241.0 | ||
| 007 | t| | ||
| 008 | 260224t20212021ii a b 101 0 eng | ||
| 010 | _a 2022337705 | ||
| 020 | _a9789354350825 (hbk.) | ||
| 025 | _aI-E-2022337705; 95-01; 95-13 | ||
| 035 | _a(OCoLC)on1351473029 | ||
| 037 | _bLibrary of Congress -- New Delhi Overseas Office | ||
| 040 |
_aDLC _beng _erda _cDLC _dDKAGE _dOCLCO _dIXA _dOCLCO _dIUL _dOCLCO _dIG# _dCUY _dGWL _dOCLCO _dDLC _dDLC-MRC _dDLC _dDLC-MRC _dDLC |
||
| 042 |
_alcode _apcc |
||
| 043 |
_aa-ii--- _0http://id.loc.gov/vocabulary/geographicAreas/a-ii |
||
| 082 | _a340.07 KHA | ||
| 245 | 0 | 0 |
_aGlobalisation of professional legal education : _bconstitutional conspectus / _cDr. Nuzhat Parveen Khan, Dr. Garima Tiwari. |
| 264 | 1 |
_aNew Delhi : _bBloomsbury Publishing India Pvt. Ltd., _c2021. |
|
| 300 |
_avi, 220 p. ; _bill; _c24 cm |
||
| 505 | 0 | _aChallenges and opportunities for legal education in India in a globalized world: leveraging NEP 2020 / Dr. Leena Chandran Wadia -- Emergent institutions / Stig Toft Madsen -- The use of comparative law in legal education: a bridge from medieval Bologna to 21st century / Dr. Soledad Atienza -- International collaborations: enhancing legal aid and legal education (practices and experiences of the public attorney's office in the Philippines) / Dr. Persida V. Rueda-Acosta -- Students' Perspective on globalization of legal education: a case study of Bowen University Law students / Dr. Afolasade A. Adewumi -- New Education Policy 2020 - internalization of Indian legal education system / Dr. Nuzhat Parveen Khan and Dr. Garima Tiwari -- Global legal education and NEP 2020: availability, accessibility and affordability / Dr. M. Sridhar Acharyulu -- The evolutionary facets of legal education: age of globalization and emerging technologies / Rishi Raj Bhardwaj and Sumedha Ganjoo -- New Education Policy thriving and heading towards universal legal edification / Dr. N. Vani Shree and Hrishika Suresh -- Decoding 'vernacular as the medium of instruction' in NEP 2020: an act of decolonization or promoting regionalism? / Dr. Chasul Phogat -- Paradigm shift of legal education in globalizing world vis-à-vis National Education Policy, 2020 / Neha Jain and Kartikeya Ashok -- Developing 'NextGen lawyers through clinical-based learning - a critical study / Dr. K. Sivananda Kumar and Charan Tej T.V. -- Role of clinical legal education plus in evolving legal landscape of India / Shubbam Gajanan Kawalkar and Ashish Saraswat -- From pedagogy of the oppressed to the classroom justice: developing cratological pedagogy with reference to legal education in India / Dr. Irfan Rasool Najar -- Affordability of the maritime legal education in India: a challenge for Indian academics and maritime field for coping with globalized professional legal education / Pratikalpa Sharma and Dr. Saira Gori -- Role of experiential legal education: pathway for access to justice / Deborisha Dutta and Dr. Unanza Gulzar. | |
| 650 | 0 |
_aLaw _xStudy and teaching _zIndia |
|
| 650 | 0 |
_aEducation and globalization _zIndia |
|
| 700 | 1 | _aKhan, Nuzhat Parveen | |
| 906 |
_a7 _bcbc _cpccadap _d2 _encip _f20 _gy-gencatlg |
||
| 942 |
_2ddc _cBK |
||
| 999 |
_c211290 _d211290 |
||